000 00585nam a2200181Ia 4500
008 100920s9999 xx 000 0 und d
082 _b84449
_a--- न 03
100 _aखानोलकर चिंतामणी त्र्यंबक.
245 _aकोंडुरा.
260 _bमौज प्रकाशन गृह, मुंबई.
_c2003
300 _a120
_bसाधी
365 _b100
520 _aकादंबरी.
630 _aकोंडुरा.
650 _aकादंबरी.
730 _aकोंडुरा.
942 _cBOOK
999 _c725001
_d724998